| 000 | 00746cam0a220024100 4500 | ||
|---|---|---|---|
| 001 | lce00602672 | ||
| 008 | 710924s1967 nyua b 000 0 eng | ||
| 010 | _a 67013941 | ||
| 035 | _a(Sirsi) r87064 | ||
| 035 | _a(DLC) 67013941 | ||
| 035 | _a(UPRA)lce00602672 | ||
| 050 | 0 |
_aQD506 _b.A3 1967 |
|
| 082 | _a541/.3453 | ||
| 100 | 1 |
_aAdamson, Arthur W. _6A46507.1 |
|
| 245 | 1 | 0 |
_aPhysical chemistry of surfaces _c[by] Arthur W. Adamson. |
| 250 | _a2d ed. | ||
| 260 |
_aNew York, _bInterscience Publishers _c[1967] |
||
| 504 | _aIncludes bibliographies. | ||
| 650 | 0 |
_aSurface chemistry. _6S7006.1 |
|
| 650 | 0 |
_aChemistry, Physical and theoretical. _6S517.1 |
|
| 949 |
_aQD506 _wlcc _i33729000386867 _mMAIN _tBOOK _lON-SHELF |
||
| 004 | 87064 | ||
| 999 |
_c112824 _d112824 |
||